Les prénoms dans les chansons - Statistiques

Statistiques générales
  • Ce quiz a été pris 433 fois
  • Le résultat moyen est 17 sur 40
Statistiques - réponses
Interprète Chanson % Correct
Francis Cabrel Petite {Marie}
95%
Christophe A{Aline}
85%
Khaled A{Aicha}
79%
Hervé Christiani Il est libre {Max}
77%
Alain Bashung Osez {Joséphine}
77%
Roch Voisine H{Hélène}
75%
Lucienne Delyle Mon amant de Saint-{Jean}
71%
Johnny Hallyday G{Gabrielle}
69%
Michel Berger {Diego} libre dans sa tête
67%
Pascal Obispo L{Lucie}
67%
Michel Polnareff Goodbye {Marylou}
66%
MC Solaar C{Caroline}
63%
Dany Brillant S{Suzette}
56%
Serge Gainsbourg E{Elisa}
53%
Gilbert Bécaud N{Nathalie}
52%
Michel Delpech Chez {Laurette}
51%
Michel Delpech Que {Marianne} était jolie
50%
Hugues Auffray C{Céline}
44%
Pierre Perret L{Lily}
43%
Jacques Brel F{Fernand}
42%
Jacques Brel M{Mathilde}
42%
Jacques Brel M{Mathilde}
42%
Claude Nougaro {Cécile} ma fille
41%
Jacques Brel M{Madeleine}
35%
Georges Brassens F{Fernande}
32%
Alain Bashung G{Gaby}
31%
Pierre Bachelet E{Emmanuelle}
27%
Jacques Brel Grand {Jacques}
20%
Richard Anthony Fiche le camp {Jack}
17%
Vanessa Paradis {Marylin} et {John}
14%
Jacques Brel Adieu l'{Emile}
12%
Michel Jonasz L{Lucille}
10%
Serge Gainsbourg M{Manon}
8%
Gilbert Bécaud D{Désirée}
7%
Jean Jacques Goldman N{Natacha}
7%
Nino Ferrer AA{lexandre}
6%
Francis Cabrel {Leila} et les chasseurs
6%
Georges Brassens M{Marguerite}
6%
Pierre Perret La {Corinne}
5%
William Sheller N{iNcolas}
2%
Aucun quiz correspondant
Distribution des résultats
% des personnes avec chaque résultat
Percentile par nombre de réponses
Votre historique - résultats
Vous n’avez pas pris ce quiz